000 01353nam a22003137a 4500
005 20110104111627.0
008 110104t xxu||||| |||| 00| 0 eng d
010 _aENG-98017
020 _a9780070702103
_c650.00
020 _a0070702101
_c650.00
035 _aEN-81550
037 _bDBAD/PUB
040 _adpl
_bEng
082 0 0 _a004.35
100 1 _aHwang, Kai
_925173
245 1 0 _aAdvanced computer architecture :
_bparallelism, scalability, programmability /
_cby Kai Hwang [and] Naresh Jotwani
250 _a2nd ed
260 _aNew Delhi
_bTata McGraw-Hill
_c2011
270 _a7 West Patel Nagar
_bNew Delhi
_e110008
300 _axxviii, 723 p. :
_bill.
_c24 cm (pbk)
500 _aIncludes bibliographical references and index.
650 0 _aComputer architecture.
_925174
700 _aJotwani,Naresh
_925175
856 4 2 _3Publisher description
_uhttp://www.loc.gov/catdir/description/mh022/92044944.html
856 4 1 _3Table of contents
_uhttp://www.loc.gov/catdir/toc/mh021/92044944.html
942 _2ddc
_cEN
_h004.35
_mHWA
999 _c49726
_d49726